|
|
|
|
| LEADER |
01220cam a22003017a 4500 |
| 008 |
121009m20139999ne a b 001 0 eng d |
| 999 |
|
|
|c 136061
|d 136061
|
| 010 |
|
|
|a 2012951155
|
| 020 |
|
|
|a 9789400753440 (pt. 1 : alk. paper)
|
| 020 |
|
|
|a 9400753446 (pt. 1 : alk. paper)
|
| 035 |
|
|
|a (OCoLC)ocn826155937
|
| 042 |
|
|
|a lccopycat
|
| 100 |
1 |
|
|a Rudolph, Gerd.
|
| 245 |
1 |
0 |
|a Differential geometry and mathematical physics /
|c Gerd Rudolph, Matthias Schmidt.
|
| 260 |
|
|
|a Dordrecht ;
|a New York :
|b Springer,
|c c2013-
|
| 300 |
|
|
|a xiii, 759 p.
|b ill. ;
|c 24 cm.
|
| 490 |
1 |
|
|a Theoretical and mathematical physics,
|x 1864-5879
|
| 504 |
|
|
|a Includes bibliographical references and index.
|
| 505 |
0 |
|
|a Pt. 1. Manifolds, lie groups and Hamiltonian system --
|
| 650 |
|
0 |
|a Geometry, Differential.
|
| 650 |
|
0 |
|a Mathematical physics.
|
| 700 |
1 |
|
|a Schmidt, Matthias.
|e Author.
|
| 942 |
|
|
|c BK
|
| 830 |
|
0 |
|a Theoretical and mathematical physics (Springer (Firm))
|
| 906 |
|
|
|a 7
|b cbc
|c copycat
|d 2
|e ncip
|f 20
|g y-gencatlg
|
| 955 |
|
|
|b xh58 2013-02-25 z-processor
|i xh58 2013-02-26 to Dewey
|
| 955 |
|
|
|a pc17 2012-10-09
|
| 952 |
|
|
|0 0
|1 0
|4 0
|7 0
|9 150608
|a MAT
|b MAT
|c ST1
|d 2016-07-26
|g 3831.87
|i 6841
|l 0
|p MAT6841
|r 2016-07-26
|w 2016-07-26
|y BK
|